000
00205 a2200097 4500
001
45892
100
_a
Imtiaz Ahmad
245
_a
Cricket coaching
260
_a
Lahore
_b
West Pak
_c
090
_c
28996
_d
28996
942
_a
NUST-CAE
_c
M
_c
21108
999
_c
280965
_d
280965